000 00296nam a22001337a 4500
008 170718b xxu||||| |||| 00| 0 eng d
020 _a9780394744339
041 _aeng
080 _a2
100 _a24
101 _aTEO
245 _aTHE SECRET TEACHING OF JESUS
_cMEYER, M.W
942 _2udc
_cBK
999 _c21433
_d21433